000 01403cam a2200409 a 4500
005 20260322212048.0
008 data
010 _a 93044422
020 _a0314027130 (hard : acidfree paper)
020 _a0314029354 (soft)
020 _a978-0314027139 (hard : acid-free paper)
020 _a9780314029355 (soft)
040 _aDLC
_cDLC
_dDLC
042 _alcac
043 _an-us---
050 0 0 _aKF387
_b.A73 1994
082 0 0 _a347.3
_a347.3
_220
092 _a349.73 Str 1994
100 1 _aArbetman, Lee.
245 1 0 _aStreet law :
_ba course in practical law /
_cLee Arbetman, Edward McMahon & Edward L. O'Brien.
250 _a5th ed.
260 _aMinneapolis/St. Paul :
_bWest Pub. Co.,
_cc1994.
300 _axix, 647 p. :
_bcol. ill. ;
_c26 cm. +
_eteacher's manual.
500 _aAccompanied by: Test bank (x, 356 p.).
500 _aIncludes index.
650 0 _aLaw
_zUnited States
_xPopular works.
650 1 _aLaw.
650 1 _aLife skills.
650 1 _aConsumer education.
700 1 _aMcMahon, Edward,
_d1947-
700 1 _aO'Brien, Edward L.
906 _a7
_bcbc
_corignew
_d1
_eocip
_f19
_gy-gencatlg
991 _bc-LL
_hKF387
_i.A73 1994
_tCopy 1
_wBOOKS
991 _br-MRR
_hKF387
_i.A73 1994
_tx copy
_mAlc
_wGenBib bi 95-001145
001 data
999 _c1132
_d1132